000
00412nam a2200145Ia 4500
008
100204s9999 xx 000 0 und d
082
_b
9964
100
_a
कांबळी दिवाकर
245
_a
परळ 68
260
_b
"डिंंंंप्ंाल पब्लिकेशन, वसई"
_c
1987
300
_a
164
630
_a
परळ 68
730
_a
परळ 68
942
_c
BOOK
999
_c
454400
_d
454397